000 01028cam a22003257a 4500
003 CHAP
005 20220329142544.0
008 010926d2000 mx r 00110 spa d
010 _a84851
011 _a85823
020 _a9681602862
035 _a96360
040 _cCHAP
082 0 4 _a329.972
_bD8Y
100 0 0 _aDuverger, Maurice
_934772
245 1 4 _aLos partidos políticos
_c/por Maurice Duverger
260 _aMéxico, D.F. :
_bFondo de Cultura Económica,
_c1957
300 _a461 p.
490 0 _aSección obras y política y derecho
590 _aBATCH-UPD
_b10
_c20130110
_lUCH01
_h0813
590 _aBATCH-UPD
_b10
_c20130410
_lUCH01
_h0450
590 _aBATCH-UPD
_b10
_c20130914
_lUCH01
_h1225
590 _aCONVERSION
_b10
_c20130109
_lUCH01
_h1347
650 1 4 _aPartidos políticos.
_985814
830 0 0 _aSección obras y política y derecho
_9103518
901 _aBK
905 _aAlejandra Carrasco M.
942 _cLIBRO
949 _a329.972 D8Y
_bBC
_cLIBRO
_d33724000857405
_eLIBRO
_h101878
_i96360
_kDon.
_si
999 _c84851
_d84851